书目信息 |
| 题名: |
经籍籑诂
|
|
| 作者: | 阮元 编 | |
| 分册: | 上 | |
| 出版信息: | 成都 成都古籍书店 1982 |
|
| 页数: | 510页 | |
| 开本: | 21cm | |
| 丛书名: | ||
| 单 册: | ||
| 中图分类: | H131.7 | |
| 科图分类: | ||
| 主题词: | 汉语--语义 , 汉语--语义学 , 汉语--词汇 , 训诂 | |
| 电子资源: | ||
| ISBN: | ||
| 000 | 00563nam0 2200217 450 | |
| 001 | 0654128750 | |
| 005 | 20061102150450.54 | |
| 010 | @dCNY2.20 | |
| 100 | @a20061102d1982 km y0chiy0120 ea | |
| 101 | 0 | @achi |
| 200 | 1 | @a经籍籑诂@h上@Ajing ji zhuan gu@f(清)阮元编@F(qing)ruan yuan bian |
| 210 | @a成都@c成都古籍书店@d1982 | |
| 215 | @a510页@d21cm | |
| 606 | 0 | @a汉语@x语义 |
| 606 | 0 | @a汉语@x语义学 |
| 606 | 0 | @a汉语@x词汇 |
| 606 | 0 | @a训诂 |
| 690 | @aH131.7@v3 | |
| 701 | 0 | @a阮元@Aruan yuan@4编 |
| 801 | 0 | @aCN@bPFT@c20061102 |
| 905 | @a10447@dH131.7@e142:1 | |
| 经籍籑诂.上/(清)阮元编.-成都:成都古籍书店,1982 |
| 510页;21cm |
| ISBN :CNY2.20 |
| ● |
| 相关链接 |
|
|
|
|
正题名:经籍籑诂
索取号:H131.7/142:1
 
预约/预借
| 序号 | 登录号 | 条形码 | 馆藏地/架位号 | 状态 | 备注 |
| 1 | 0212369 | 000837036 | 第二样本阅览室/ [索取号:H131.7/142:1] | 在馆 |